Olivia Rodrigo - Une lettre, une chanson - Statistiques

Statistiques générales
  • Ce quiz a été pris 1 769 fois
    11 depuis la dernière actualisation
  • Le résultat moyen est 14 sur 19
Statistiques - réponses
Lettres Chansons % Correct
A All-American Bitch / All I Want
89%
B Bad Idea Right? / Ballad of a Homeschooled Girl / begged / Brutal
89%
C Can't Catch Me Now / cigarette smoke / the cure
89%
H Happier / honeybee / Hope Ur Ok
89%
L Lacy / less / Logical / Love is Embarrassing
89%
S Scared of My Guitar / So American / Stranger / stupid song
89%
D Drivers License / Deja Vu / Drop Dead
78%
E Enough for You / expectations
78%
G Get Him Back! / Girl I've Always Been / Good 4 U / The Grudge
78%
M maggots for brains / Making the Bed / my way
78%
P Pretty Isn't Pretty / purple
78%
T Teenage Dream / Traitor
78%
F Favorite Crime
67%
J Jealousy, Jealousy
67%
Chiffre 1 Step Forward, 3 Steps Back
56%
O Obsessed
56%
V Vampire
56%
W what's wrong with me
56%
U u + me = ˂3
44%
Aucun quiz correspondant
Distribution des résultats
% des personnes avec chaque résultat
Percentile par nombre de réponses
Votre historique - résultats
Vous n’avez pas pris ce quiz depuis la dernière actualisation